Concrete mathematics / (Record no. 185045)
[ view plain ]
| 000 -LEADER | |
|---|---|
| fixed length control field | 00761nam a2200253Ia 4500 |
| 003 - CONTROL NUMBER IDENTIFIER | |
| control field | OSt |
| 005 - DATE AND TIME OF LATEST TRANSACTION | |
| control field | 20220714145625.0 |
| 008 - FIXED-LENGTH DATA ELEMENTS--GENERAL INFORMATION | |
| fixed length control field | 210716s2002 xx 000 0 und d |
| 020 ## - INTERNATIONAL STANDARD BOOK NUMBER | |
| International Standard Book Number | 8178085437 |
| 040 ## - CATALOGING SOURCE | |
| Transcribing agency | AIMIT LIBRARY |
| 041 ## - LANGUAGE CODE | |
| Language code of text/sound track or separate title | eng |
| 082 ## - DEWEY DECIMAL CLASSIFICATION NUMBER | |
| Classification number | 512.7 |
| Edition number | 2 |
| Item number | GRAR |
| 100 ## - MAIN ENTRY--PERSONAL NAME | |
| Personal name | Graham, Ronald L. |
| 9 (RLIN) | 49443 |
| 245 ## - TITLE STATEMENT | |
| Title | Concrete mathematics / |
| Statement of responsibility, etc. | By Ronald L Graham, Donald E Knuth and Oren Patashnik. |
| 250 ## - EDITION STATEMENT | |
| Edition statement | 2nd ed. |
| 260 ## - PUBLICATION, DISTRIBUTION, ETC. | |
| Place of publication, distribution, etc. | New Delhi : |
| Name of publisher, distributor, etc. | Pearson Education , |
| Date of publication, distribution, etc. | 2002. |
| 300 ## - PHYSICAL DESCRIPTION | |
| Extent | xiii,657p. ; |
| Dimensions | 24 cm. |
| 650 ## - SUBJECT ADDED ENTRY--TOPICAL TERM | |
| Topical term or geographic name entry element | Integar functions |
| 9 (RLIN) | 49444 |
| 650 ## - SUBJECT ADDED ENTRY--TOPICAL TERM | |
| Topical term or geographic name entry element | Special numbers |
| 9 (RLIN) | 49445 |
| 650 ## - SUBJECT ADDED ENTRY--TOPICAL TERM | |
| Topical term or geographic name entry element | Discrete probability |
| 9 (RLIN) | 49446 |
| 700 ## - ADDED ENTRY--PERSONAL NAME | |
| Personal name | Knuth, Donald E. |
| 9 (RLIN) | 49447 |
| 700 ## - ADDED ENTRY--PERSONAL NAME | |
| Personal name | Patashnik, Oren |
| 9 (RLIN) | 49448 |
| 942 ## - ADDED ENTRY ELEMENTS (KOHA) | |
| Source of classification or shelving scheme | Dewey Decimal Classification |
| Koha item type | Book |
| Edition | 2nd |
| Call number prefix | 512.7 GRAR |
| Withdrawn status | Lost status | Source of classification or shelving scheme | Damaged status | Not for loan | Collection code | Home library | Current library | Date acquired | Cost, normal purchase price | Total Checkouts | Full call number | Barcode | Date last seen | Cost, replacement price | Price effective from | Koha item type |
|---|---|---|---|---|---|---|---|---|---|---|---|---|---|---|---|---|
| Dewey Decimal Classification | MCA | St Aloysius Institute of Management & Information Technology | St Aloysius Institute of Management & Information Technology | 07/16/2021 | 450.00 | 512.7 GRAR | MCA04553 | 07/21/2025 | 450.00 | 07/16/2021 | Book |